1708 1290 1123 1711 1819 1487 1440 1337 1909 1136 1132 1738 1893 1466 1184 1967 1927 1964 1784 1878 1320 1125 1434 1583 1329 1845 1352 1885 1986 1339 1422 1062 1561 1398 1700 1948 1641 1780 1536 1419 1083 1326 1846 1680 1560 1001 1323 1331 1090 1229 1004 1811 1249 1721 1955 1651 1403 1473 1186 1080 1171 1729 1145 1379 1789 1025 1786 1439 1427 1821 1300 1419 1447 1952 1045 1379 1113 1712 1167 1494 1700 1749 1355 1520 1348 1164 1812 1352 1476 1893 1335 1738 1380 1707 1540 1503 1720 1726 1440 BCNSPRNW ULIB Ver.6.0+V

เปลี่ยนเป็นภาษาไทย

Change to English
 แสดงรายละเอียดบรรณานุกรม
  กลับหน้าหลัก

Brief Record : Get Marc (ISO 2709) : E-mail record : QR code < ปิดหน้าต่าง
LEADER : 00000nam 2200000uu 4500
001    13399125711
003     ULIB
008    170716s2559||||th 000 0 tha d
020    ^a9786164132832
060  0 ^aQV766^bว775ส
100 0  ^aวิสันต์ ท้าวสูงเนิน
245 00 ^aสมุนไพรหลายขนาน /^cวิสันต์ ท้าวสูงเนิน
260    ^aนนทบุรี :^bStyles Pathfinder,^c2559
300    ^a96 หน้า ;^c26 ซม.
650  0 ^aสมุนไพร^xหญ้ารีแพร์^"ฮี๋ยุ่ม^"^yปอกะบิด
945    ^p120^l0^i25282
999    ^aกัณชพร จุลอักษร
รายการนี้ยังไม่มีแท็ก
คุณยังไม่ได้ล็อกอิน คุณสามารถมีกิจกรรมร่วมกับเว็บไซต์ได้ แต่ต้องล็อกอินก่อน ::
  ล็อกอิน

รายการสื่อสารสนเทศ

ลำดับที่ ประเภท เลขเรียก/บาร์โค้ด สถานที่ สถานะ
1. วิทยาศาสตร์การแพทย์ และสุขภาพ
วิทยาศาสตร์การแพทย์ และสุขภาพ
QV766 ว775ส ฉ.1 
  Barcode: 25282
ห้องสมุดวิทยาเขตนครสวรรค์
►หนังสือทั่วไป:l:General Books
บนชั้น

รายการใกล้เคียง
    ผู้แต่ง [วิสันต์ ท้าวสูงเนิน]

BibComment


ยังไม่เคยถูกคอมเมนท์

คอมเมนท์ทรัพยากรรายการนี้
  คอมเมนท์: สมุนไพรหลายขนาน ..


 Copyright 2026. Bcnsprnw @Library